Count to 10: Languages of Nordic Countries - Statistics

General Stats
  • This quiz has been taken 53 times
  • The average score is 24 of 50
Answer Stats
Language # Answer % Correct
Danish 1 en
94%
Norwegian (Bokmål) 1 en
94%
Swedish 3 tre
81%
Danish 3 tre
81%
Norwegian (Bokmål) 3 tre
81%
Swedish 5 fem
75%
Danish 5 fem
75%
Norwegian (Bokmål) 5 fem
75%
Swedish 6 sex
72%
Icelandic 6 sex
72%
Danish 10 ti
72%
Norwegian (Bokmål) 10 ti
72%
Swedish 1 ett
69%
Danish 9 ni
69%
Norwegian (Bokmål) 9 ni
69%
Swedish 7 sju
66%
Norwegian (Bokmål) 7 sju
66%
Swedish 8 åtta
63%
Icelandic 8 átta
63%
Swedish 2 två
63%
Swedish 4 fyra
59%
Swedish 9 nio
59%
Swedish 10 tio
56%
Danish 2 to
53%
Norwegian (Bokmål) 2 to
53%
Norwegian (Bokmål) 8 åtte
47%
Danish 6 seks
47%
Norwegian (Bokmål) 6 seks
47%
Danish 4 fire
44%
Norwegian (Bokmål) 4 fire
44%
Finnish 2 kaksi
41%
Finnish 3 kolme
41%
Danish 8 otte
38%
Finnish 1 yksi
38%
Finnish 4 neljä
28%
Finnish 5 viisi
28%
Finnish 8 kahdeksan
25%
Finnish 6 kuusi
25%
Finnish 10 kymmenen
25%
Finnish 7 seitsemän
25%
Danish 7 syv
25%
Finnish 9 yhdeksän
25%
Icelandic 1 einn
16%
Icelandic 9 niu
13%
Icelandic 7 sjö
13%
Icelandic 5 fimm
9%
Icelandic 4 fjórir
9%
Icelandic 10 tíu
9%
Icelandic 2 tveir
9%
Icelandic 3 þrir
6%
No matching quizzes found
Score Distribution
Percent of People with Each Score
Percentile by Number Answered
Your Score History
You have not taken this quiz